Science Quiz

Random Science or Math Quiz

Quick Math Challenge VII Quiz Stats

Quiz Updated May 3, 2012

Challenge
Share
Tweet
Embed
Score 0/27 Timer 02:00
0 Plays Today
Steps % Correct
Triple it21
99.2%
77
98.9%
- 129
98.5%
x 872
98.3%
3/4 of this54
89.6%
Halve it27
89.1%
2/3 of this18
88.2%
+ 2442
87.4%
5656
86.9%
÷ 76
86.9%
6/7 of this48
81.5%
3/4 of this36
80%
+ 2763
78.2%
÷ 97
77.4%
Steps % Correct
x by itself49
76.4%
- 1534
75%
Triple it102
71.8%
1616
71%
x 5510
69.6%
x by itself256
54%
75% of this192
40.2%
5/8 of this120
30%
45% of this54
24.7%
8/9 of this48
22.3%
x 3.5168
16.7%
Triple it504
13.6%
- 177327
11.1%

You're not logged in!

Compare scores with friends on all Sporcle quizzes.
Join for Free
OR
Log In

You Might Also Like...

Show Comments

Extras

Top Quizzes Today


Score Distribution

Your Account Isn't Verified!

In order to create a playlist on Sporcle, you need to verify the email address you used during registration. Go to your Sporcle Settings to finish the process.

Report this User

Report this user for behavior that violates our Community Guidelines.

Details: